000
00232nam a22000977a 4500
999
_c
15878
_d
15878
003
OSt
008
191022b ||||| |||| 00| 0 eng d
100
_a
Premnath.
_9
4369
245
_a
Nammude nadan pattukalum nadan kalakalum
942
_c
BK